00466 2200193 4500001002100000005001500021008004100036020002200077035001900099041000700118082001200125090001800137100001400155245003300169260002900202300001900231500000600250650001600256INLIS00000000000499920241224113022241224||||||||| | ||| |||| || |  a978-602-95159-2-3 0010-1224004999 aid0 a297.541 a297.541 ERN b0 aErna M. S00aBerdoa Untuk Kedua Orang Tua abekasibAmmar Kidzc2010 a24 hlm.; 20 cm a1 0aCerita Anak